000
00325nam a22001337a 4500
008
170629b xxu||||| |||| 00| 0 eng d
020
_a
9781847875129
041
_a
eng
080
_a
82
100
_a
22
101
_a
GJL
245
_a
MAKING SENSE OF DEATH, DYING AND BEREAVEMENTl: AN ANTHOLOGY
_c
EARLE,S
942
_2
udc
_c
BK
999
_c
19593
_d
19593